Nuevo plan económico del gobierno: el pueblo lo juzgará /
Na minha lista:
| Autor principal: | |
|---|---|
| Formato: | Texto |
| Tags: |
Adicionar Tag
Sem tags, seja o primeiro a adicionar uma tag!
|
MARC
| LEADER | 00000 a a2200000 04500 | ||
|---|---|---|---|
| 001 | 45986 | ||
| 003 | |||
| 040 | |||
| 100 | |a Flakoll Alegría, Daniel | ||
| 245 | |a Nuevo plan económico del gobierno: |b el pueblo lo juzgará / |c Daniel Flakoll Alegría | ||
| 773 | |g volumen11, número336 (1991), páginas 4-7 : fotos | ||
| 999 | |c 22424 |d 22424 | ||
